000 00603nam a22001817a 4500
008 150709b xxu||||| |||| 00| 0 eng d
020 _a9789637038372
041 0 _aeng
080 _a323
245 _aThe Western Balkans :
_cZsuzsa M. Csaszar; Szabolcs Hary; Janos Hovari; et. al.
260 _aBudapest:
_bHead of the EU Presidency Communications Department, Ministry of Foreign Affairs ;
_c2011.
300 _a318 f. :
_bme il. ;
_c23 cm.
500 _aPreface : f. 7-11
650 0 _aPolitika
650 0 _aHistoria
650 0 _aBallkani
942 _2udc
_cBK
999 _c1104
_d1104